书目信息 |
| 题名: |
质量员考核评价大纲及习题集
|
|
| 作者: | ;中国建筑工业出版社 组织编写 | |
| 分册: | 设备方向 | |
| 出版信息: | 北京 中国建筑工业出版社 2015 |
|
| 页数: | 222页 | |
| 开本: | 26cm | |
| 丛书名: | 建筑与市政工程施工现场专业人员职业标准培训教材 | |
| 单 册: | ||
| 中图分类: | TU712.3-44 , TU712.3-44 | |
| 科图分类: | ||
| 主题词: | 建筑工程--jian zhu gong cheng--质量管理--职业培训--习题集 , 房屋建筑设备--fang wu jian zhu she bei--质量管理--职业培训--习题集 | |
| 电子资源: | ||
| ISBN: | 978-7-112-18154-4 | |
| 000 | 01352nam 2200289 450 | |
| 001 | 1653953497 | |
| 005 | 20150723151138.6 | |
| 010 | @a978-7-112-18154-4@dCNY39.00 | |
| 100 | @a20150722d2015 em y0chiy50 ea | |
| 101 | 0 | @achi |
| 102 | @aCN@b110000 | |
| 105 | @aa z 000yy | |
| 106 | @ar | |
| 200 | 1 | @a质量员考核评价大纲及习题集@Azhi liang yuan kao he ping jia da gang ji xi ti ji@i设备方向@f本社组织编写 |
| 210 | @a北京@c中国建筑工业出版社@d2015 | |
| 215 | @a222页@c图@d26cm | |
| 225 | 2 | @a建筑与市政工程施工现场专业人员职业标准培训教材@Ajian zhu yu shi zheng gong cheng shi gong xian chang zhuan ye ren yuan zhi ye biao zhun pei xun jiao cai |
| 330 | @a本书分为两部分, 第一部分为质量员 (设备方向) 考核评价大纲 ; 第二部分为质量员 (设备方向) 习题集, 分为通用与基础知识、岗位知识与专业技能两篇, 共收录了约1000道习题和两套模拟试卷, 习题和试卷均配有正确答案和解析。 | |
| 410 | 0 | @12001 @a建筑与市政工程施工现场专业人员职业标准培训教材 |
| 517 | 1 | @a设备方向@Ashe bei fang xiang |
| 606 | 0 | @a建筑工程@Ajian zhu gong cheng@x质量管理@x职业培训@j习题集 |
| 606 | 0 | @a房屋建筑设备@Afang wu jian zhu she bei@x质量管理@x职业培训@j习题集 |
| 690 | @aTU712.3-44@v5 | |
| 690 | @aTU712.3-44@v4 | |
| 711 | 02 | @a中国建筑工业出版社@Azhong guo jian zhu gong ye chu ban she@4组织编写 |
| 801 | 0 | @aCN@b人天书店@c20150722 |
| 905 | @aBZT@dTU712.3-44@e1 | |
| 质量员考核评价大纲及习题集.设备方向/本社组织编写.-北京:中国建筑工业出版社,2015 |
| 222页:图;26cm.-(建筑与市政工程施工现场专业人员职业标准培训教材) |
| ISBN 978-7-112-18154-4:CNY39.00 |
| 本书分为两部分, 第一部分为质量员 (设备方向) 考核评价大纲 ; 第二部分为质量员 (设备方向) 习题集, 分为通用与基础知识、岗位知识与专业技能两篇, 共收录了约1000道习题和两套模拟试卷, 习题和试卷均配有正确答案和解析。 |
| ● |
| 相关链接 |
|
|
|
正题名:质量员考核评价大纲及习题集
索取号:TU712.3-44/1
 
预约/预借
| 序号 | 登录号 | 条形码 | 馆藏地/架位号 | 状态 | 备注 |
| 1 | 815852 | 2000815852 | 第二书库/ [索取号:TU712.3-44/1] | 在馆 | |
| 2 | 815853 | 2000815853 | 第二书库/ [索取号:TU712.3-44/1] | 在馆 | |
| 3 | 815854 | 2000815854 | 第二书库/ [索取号:TU712.3-44/1] | 在馆 |